| 000 | 00000nam##2200000za#4500 |
| 001 | 9.568398 |
| 003 | CaOODSP |
| 005 | 20210624181242 |
| 007 | cr ||||||||||| |
| 008 | 150406|1997||||xxc|||||o f|0| 0 eng|d |
| 040 | |aCaOODSP|beng |
| 043 | |an-cn--- |
| 086 | 1 |aBT31-2/1998-III-74E-PDF |
| 110 | 1 |aCanada. |bTreasury Board. |
| 245 | 10|aCanadian Center for Occupational Health and Safety, 1997-98 estimates. Part III, Expenditure plan |h[electronic resource] |
| 260 | |aOttawa - Ontario : |bTreasury Board of Canada Secretariat |cc1997. |
| 300 | |a28p.|bgraph, organization chart, tables, index |
| 490 | 1 |a1997-98 estimates. Part III, Expenditure plan |v1997-98 |
| 500 | |aThe catalogue number (BT31-2/1998-III-74) and ISBN (0-660-60116-8) for the bilingual print edition have been incorrectly copied in this electronic publication. |
| 590 | |a10-11-Supp|b2010-11-10 |
| 775 | 08|tCentre canadien d'hygiène et de sécurité au travail, budget des dépenses 1997-1998. Partie III, Plan de dépenses |w(CaOODSP)9.599687 |
| 776 | 0#|tCanadian Centre for Occupational Health and Safety |w(CaOODSP)9.528066 |
| 776 | 0#|tCentre canadien d'hygiène et de sécurité au travail |w(CaOODSP)9.528067 |
| 830 | #0|a1997-98 estimates. Part III, Expenditure plan ;|v1997-98|w(CaOODSP)9.506109 |
| 856 | 40|ahttp://publications.gc.ca|qPDF|s2.02 MB|uhttps://publications.gc.ca/collections/Collection/BT31-2-1998-III-74E.pdf|y1997-98 |